Comércio & meio ambiente : (Registro nro. 3412)
[ vista simple ]
| 000 -CABECERA | |
|---|---|
| Campo de control | 01556cam a2200313 a 4500 |
| 005 - FECHA Y HORA DE LA ULTIMA TRANSACCION | |
| Campo de control | 20161129142825.0 |
| 008 - ELEMENTOS DE LONGITUD FIJA—INFORMACION GENERAL | |
| Campo de control | 060125s2002 bl a b f100 0 por d |
| 040 ## - FUENTE DE CATALOGACIÓN | |
| Agencia catalogadora original | BID |
| Agencia transcriptora | BID |
| Agencia Modificadora | OCLCQ |
| -- | PIT |
| -- | OCL |
| -- | DLC |
| -- | CO-BoIAVH |
| 041 0# - IDIOMA | |
| Código de idioma para texto/pista de sonido o título separado | Portugués |
| 044 ## - PAÍS DE PUBLICACIÓN | |
| País de publicación | Brasil |
| 082 04 - NUMERO DE CLASIFICACION DECIMAL DEWEY | |
| Número de clasificación | 354.334 |
| Número del ítem | C73m |
| 111 2# - ASIENTO PRINCIPAL--NOMBRE DE REUNION | |
| Nombre de reunión o de jurisdicción como elemento de entrada | Reunião do Fórum de Ministros do Meio Ambiente da América Latina e Caribe |
| Número de la parte/sección/reunión | (13th : |
| Fecha de la reunión | 2001 : |
| Lugar de la reunión | Rio de Janeiro, Brazil) |
| 9 (RLIN) | 77618 |
| 245 10 - MENCION DE TITULO | |
| Título | Comércio & meio ambiente : |
| Parte restante del título | uma agenda positiva para o desenvolvimento sustentável / |
| Mención de responsabilidad | organizadores Antônio Sérgio Braga, Luiz Camargo de Miranda |
| 246 3# - FORMA VARIANTE DEL TITULO | |
| Título propiamente dicho/forma breve del título | Comércio e meio ambiente |
| 260 ## - PUBLICACION, DISTRIBUCION, ETC. (PIE DE IMPRENTA) | |
| Lugar de publicación, distribución, etc. | Brasília : |
| Nombre del editor, distribuidor, etc. | Ministério do Meio Ambiente do Brasil, Secretaria de Políticas para o Desenvolvimento Sustentável, |
| Fecha de publicación, distribución, etc. | 2002. |
| 300 ## - DESCRIPCION FISICA | |
| Extensión | 310 páginas : |
| Otros detalles físicos | ilustraciones ; |
| Dimensiones | 22 x 16 cm. |
| 500 ## - NOTA GENERAL | |
| Nota general | "Documento preparado para a XIII Reunião do Fórum de Ministros do Meio Ambiente da América Latina e Caribe" |
| 504 ## - NOTA DE BIBLIOGRAFIA, ETC. | |
| Nota de bibliografía | Incluye referencias bibliográficas: páginas 293-301. |
| 650 16 - ASIENTO SECUNDARIO DE MATERIA - TERMINO TEMATICO | |
| Término temático o nombre geográfico como elemento de entrada | Comercio |
| Subdivisión general | Aspectos ambientales |
| Subdivisión geográfica | América Latina |
| 9 (RLIN) | 77619 |
| 650 26 - ASIENTO SECUNDARIO DE MATERIA - TERMINO TEMATICO | |
| Término temático o nombre geográfico como elemento de entrada | Comercio |
| Subdivisión general | Aspectos ambientales |
| Subdivisión geográfica | Caribe |
| 9 (RLIN) | 77620 |
| 650 26 - ASIENTO SECUNDARIO DE MATERIA - TERMINO TEMATICO | |
| Término temático o nombre geográfico como elemento de entrada | Protección ambiental |
| Subdivisión geográfica | América Latina |
| 9 (RLIN) | 77621 |
| 650 26 - ASIENTO SECUNDARIO DE MATERIA - TERMINO TEMATICO | |
| Término temático o nombre geográfico como elemento de entrada | Protección ambiental |
| Subdivisión geográfica | Caribe |
| 9 (RLIN) | 77622 |
| 650 26 - ASIENTO SECUNDARIO DE MATERIA - TERMINO TEMATICO | |
| Término temático o nombre geográfico como elemento de entrada | Desarrollo sostenible |
| Subdivisión geográfica | América Latina |
| 9 (RLIN) | 77623 |
| 650 26 - ASIENTO SECUNDARIO DE MATERIA - TERMINO TEMATICO | |
| Término temático o nombre geográfico como elemento de entrada | Desarrollo sostenible |
| Subdivisión geográfica | Caribe |
| 9 (RLIN) | 77624 |
| 700 1# - ASIENTO SECUNDARIO - NOMBRE PERSONAL | |
| Nombre personal | Braga, Antônio Sérgio |
| 9 (RLIN) | 77616 |
| 700 1# - ASIENTO SECUNDARIO - NOMBRE PERSONAL | |
| Nombre personal | Miranda, Luiz Camargo de |
| 9 (RLIN) | 77617 |
| 710 2# - ASIENTO SECUNDARIO - NOMBRE CORPORATIVO | |
| Nombre corporativo o de jurisdicción como elemento de entrada | Brazil |
| Unidad subordinada | Ministério do Meio Ambiente |
| 9 (RLIN) | 77625 |
| 942 ## - ELEMENTOS ADICIONALES (KOHA) | |
| Sistema de clasificación | Dewey Decimal Classification |
| Tipo de ítem | Libro |
| Withdrawn status | Lost status | Sistema de Clasificación | Damaged status | No para préstamo | Colección | Inventariado | Ubicación Permanente | Ubicación actual | Fecha de adquisición | Fuente de Valor | Valor | Total Checkouts | Número topográfico | Inventario / Código de Barras | Date last seen | Ejemplar | Price effective from | Forma de adquisición | Tipo de material |
|---|---|---|---|---|---|---|---|---|---|---|---|---|---|---|---|---|---|---|---|
| Dewey Decimal Classification | General | Inventariado 2017 | Sala Fabio Quevedo | Sala Fabio Quevedo | 30/05/2003 | Instituto | 30000.00 | LB-354.334 C73m | 005409 | 04/12/2012 | Ej. 1 | 04/12/2012 | Donación | Libro |